| 000 | 00680nam a22001575i 4500 | ||
|---|---|---|---|
| 001 | 173896 | ||
| 003 | ES-MaACL | ||
| 005 | 20230906215402.0 | ||
| 008 | 100128s1851 sp |||| | spa d | ||
| 100 | 1 |
_aAuset, Antonio. _9142052 |
|
| 245 | 1 | 3 |
_aEl hermano mayor _b: comedia original, en tres actos y en verso / _cpor Antonio Auset. |
| 260 |
_aMadrid : _b[Círculo Literario Comercial], _c1851 ( _fImp. a cargo de C. González) |
||
| 300 |
_a70 p. ; _c17 cm. |
||
| 500 | _aEn port.: Nº 145. | ||
| 852 |
_aES-MaACL _jF-8627(5) _z.- Enc. pasta española _q.- Falto de la cub. original _z.- Enc. en un vol. facticio formando parte de la col. facticia "Teatro español moderno", vol. 82 |
||
| 999 |
_c173896 _d173896 |
||